| 000 | 00706nam a22002297a 4500 | ||
|---|---|---|---|
| 005 | 20170124110025.0 | ||
| 010 | _aA-953295 | ||
| 020 | _c115.00 | ||
| 035 | _aA-953295 | ||
| 037 | _bCen Lib/Ret | ||
| 040 |
_aDPL _bEN |
||
| 082 |
_a610 _bBED |
||
| 100 |
_aBedi, Yash Pal _9108755 |
||
| 245 |
_aHandbook of preventive and social medicaine : _cby Yash Pal Bedi _bfor medical and public health students / |
||
| 250 | _a16th ed | ||
| 260 |
_aChandigarh _bAnand Publishing Co. _c1997 |
||
| 270 |
_bChandigarh _a1141/18C _e160018 |
||
| 300 |
_axii, 287p. _c27cm(Hb) |
||
| 650 |
_aMedical science _vTexbooks _920482 |
||
| 650 |
_aHealth science _916285 |
||
| 942 |
_2ddc _cEN _h610 _mBED |
||
| 999 |
_c127429 _d127429 |
||